The economics of fisheries management
محفوظ في:
| المؤلف الرئيسي: | |
|---|---|
| التنسيق: | كتاب |
| اللغة: | الإنجليزية |
| منشور في: |
Caldwell
The Blackburn Press
2004
|
| الطبعة: | 2a. ed |
| الموضوعات: | |
| الوسوم: |
إضافة وسم
لا توجد وسوم, كن أول من يضع وسما على هذه التسجيلة!
|
MARC
| LEADER | 00000nam a2200000 a 4500 | ||
|---|---|---|---|
| 001 | UCH2398 | ||
| 003 | CL-VaPUC | ||
| 008 | 090611e20040000us |||||||||||||||||eng|d | ||
| 020 | |a 9781930665989 | ||
| 082 | 0 | 4 | |a 338.3727 |b AND |2 21 |
| 100 | 0 | |a Anderson, Lee G |e author |9 537189 | |
| 245 | 1 | 4 | |a The economics of fisheries management |
| 250 | |a 2a. ed | ||
| 300 | |a 296 p | ||
| 942 | |c BK | ||
| 945 | |d 20090611 00:00:00 |a cmena | ||
| 260 | |a Caldwell |b The Blackburn Press |c 2004 | ||
| 650 | 0 | |a Industria pesquera |9 255432 | |
| 650 | 0 | |a Aspectos económicos |9 255165 | |
| 650 | 7 | |a CONSERVACION DE RECURSOS PESQUEROS |2 CL-VaPUC |9 261160 | |
| 650 | 0 | |a Política económica |9 255029 | |
| 583 | |a last modification |c 20171214 02:08:47 |k Rodrigo Vera | ||
| 999 | |c 334139 |d 334137 | ||
| 952 | |0 0 |1 0 |4 0 |6 338_372700000000000_AND_2004 |7 0 |8 CCM |9 422966 |a BIBCUR |b BIBCUR |d 2019-11-22 |i 4562577 |o 338.3727 AND 2004 |p 4562577 |r 2025-04-22 |w 2019-11-22 |y BK |k CIM | ||
| 952 | |0 0 |1 0 |4 0 |6 338_372700000000000_AND_2004 |7 0 |8 CCM |9 422967 |a BIBCUR |b BIBCUR |d 2019-11-22 |i 4616502 |o 338.3727 AND 2004 |p 4616502 |r 2025-04-22 |w 2019-11-22 |y BK |k CIM | ||
| 952 | |0 0 |1 0 |4 0 |6 338_372700000000000_AND_2004 |7 0 |8 CCM |9 422968 |a BIBCUR |b BIBCUR |d 2019-11-22 |i 4618343 |o 338.3727 AND 2004 |p 4618343 |r 2025-04-22 |w 2019-11-22 |y BK |k CIM | ||